|
|
|
|
| LEADER |
00000cam a2200000 7i4500 |
| 001 |
0000029663 |
| 005 |
20151222.0 |
| 008 |
100722 |
| 020 |
|
|
|a 9833124008
|
| 090 |
0 |
0 |
|a JF
|b MAL
|
| 100 |
0 |
|
|a Badrul Risham
|
| 245 |
1 |
0 |
|a Bunga-bunga matahari
|c Badrul Risham
|
| 260 |
|
|
|a Selangor :
|b Bright Publication Sdn. Bhd ,
|c 2009
|
| 440 |
|
|
|a Siri alam desa
|
| 500 |
|
|
|a Children ages 10-12 years old (pink)
|
| 650 |
|
0 |
|a Children's stories, Malay
|
| 999 |
|
|
|a 0001064914
|b Book
|c Children Collection
|e Cawangan Bandar Penawar
|
| 999 |
|
|
|a 0001065740
|b Book
|c Children Collection
|e Cawangan Segamat
|
| 999 |
|
|
|a 0001065780
|b Book
|c Children Collection
|e Cawangan Bukit Gambir
|
| 999 |
|
|
|a 0001065938
|b Book
|c Children Collection
|e Cawangan Taman Sri Lambak
|
| 999 |
|
|
|a 0001066173
|b Book
|c Children Collection
|e Cawangan Bandar Tenggara
|
| 999 |
|
|
|a 0001066284
|b Book
|c Children Collection
|e Cawangan Tangkak
|
| 999 |
|
|
|a 0001066798
|b Book
|c Children Collection
|e Perbadanan Perpustakaan Awam Johor
|
| 999 |
|
|
|a 0001141291
|b Book
|c Children Collection
|e Perbadanan Perpustakaan Awam Johor
|
| 999 |
|
|
|a 0001141292
|b Book
|c Children Collection
|e Perbadanan Perpustakaan Awam Johor
|
| 999 |
|
|
|a 0001141293
|b Book
|c Children Collection
|e Cawangan Bandar Tenggara
|